000 00507nam a2200181Ia 4500
001 22779
005 20260414150853.0
008 260414t2014||||xx |||||||||||||| ||spa||
041 _aESP
082 _a621.9
_bG37 2014
100 _aGerling, Heinrich
_eAUT
245 0 _aAlrededor de las máquinas-herramienta :
_bmáquinas-herramienta para arranque de viruta y herramientas
260 _c2014
300 _axii, 269 páginas :
_c24 cm.
650 _aTCA
654 _aCET
942 _cLIB
_dJUS
_fJUS
_2ddc
_n
999 _c22779
_d22779